000
00345pab a2200145 454500
008
180718b1986 xxu||||| |||| 00| 0 eng d
100
_a
Sashkin, Marshall
245
_a
True visions in leadership
260
_c
1986
300
_a
58-61
362
_a
May
650
_a
Leadership
773
_a
Training and Development Journal
909
_a
12388
999
_c
12388
_d
12388